Sports Quiz

Random Sports or NFL Quiz

21st C. Championship or Not? Quiz Stats

 Plays Quiz not verified by Sporcle

Score 0/50 Timer 03:00
0 Plays Today
% Correct
Champs!
88.1%
Champs!
86.5%
Champs!
84.6%
Champs!
84.5%
Champs!
84.3%
Champs!
83.5%
Champs!
83.4%
Champs!
82.5%
Champs!
80.9%
Champs!
80%
Champs!
79%
Champs!
76.2%
Champs!
76.2%
Champs!
75.3%
not
75.2%
not
75%
not
74.6%
not
74.4%
Champs!
74.4%
not
74.3%
Champs!
74%
Champs!
73.9%
not
73.7%
not
73.5%
Champs!
73.1%
% Correct
Champs!
72.8%
not
72.7%
not
72.7%
not
72.4%
Champs!
71.9%
not
71.9%
not
71.8%
not
71.3%
Champs!
70.8%
Champs!
70.7%
not
70.6%
not
70.6%
not
70%
not
69.7%
not
68.8%
not
67.9%
not
67%
Champs!
65.3%
not
65.3%
Champs!
64.8%
Champs!
64%
Champs!
62.9%
not
59.2%
Champs!
39.5%
Champs!
38.5%

You're not logged in!

Compare scores with friends on all Sporcle quizzes.
OR
Log In

Show Comments

Extras

Top Quizzes Today


Score Distribution

Your Account Isn't Verified!

In order to create a playlist on Sporcle, you need to verify the email address you used during registration. Go to your Sporcle Settings to finish the process.

Report this User

Report this user for behavior that violates our Community Guidelines.

Details: